Technická príprava a obsluha výroby riadenie a projektovanie technického rozvoja

Bibliographic Details
Main Author: Molnár, Pavol (Author)
Format: Book
Language:Slovak
PhysicalDescription:195 s., 15,756 AH grafy. sch., tab. 29 cm
Published: Bratislava Slovenská vysoká škola technická 1981
Edition:2. vyd.
Subjects:

MARC

LEADER 00000cam a2200000 a 4500
001 vtls001103812
003 SK-MaSNL
005 20260301001320.0
008 250313s1981 xo a e n 000 0 slo
015 |a SNBA1981/12 
035 |a SNK000046654 
035 |a urn:nbn:sk:snk-aml68q 
035 |a urn:nbn:sk:snk-am008uuj 
035 |a 0F47D699-B3F6-4F1B-B973-D79CF8D1E4DC 
040 |a SNK  |b slo  |c SNK  |e AACR2 
041 0 |a slo 
044 |a xo  |c SK 
080 |a 658.5:330.341.1(075.8)  |2 1981 
080 |a 330.341.1(075.8)  |2 1981 
080 |a 330.341.1  |2 1981 
080 |a 658.5(075.8)  |2 1981 
100 1 |a Molnár, Pavol  |4 aut  |9 279440 
245 1 0 |a Technická príprava a obsluha výroby  |b riadenie a projektovanie technického rozvoja  |c Pavol Molnár 
250 |a 2. vyd. 
260 |a Bratislava  |b Slovenská vysoká škola technická  |c 1981 
300 |a 195 s., 15,756 AH  |b grafy. sch., tab.  |c 29 cm 
366 |e 200 výt. 
500 |a Schválil Rektorát SVŠT v Bratislave ako skriptum 
504 |a Bibliogr. 
650 0 7 |a výroba  |2 SNKPH  |9 15916 
650 0 7 |a technický rozvoj  |2 SNKPH  |9 3987 
650 0 7 |a projektovanie  |2 SNKPH  |9 4997 
650 0 7 |a riadenie  |2 SNKPH  |9 924 
655 7 |a učebnice vysokých škôl  |2 SNKPH  |9 70191 
852 |a Slovenská národná knižnica 
958 |a OND 
958 |a NB 
999 |c 534641  |d 536571 
952 |a SNK  |b SNK  |y PREZ  |7 0  |p 17A0998790  |o snkSB 30699  |i snkKSP 10013/81  |0 0  |1 0  |4 0  |d 2012-07-30  |f 1  |l 0  |r 2025-04-04 00:00:00  |w 2026-02-23 
952 |t P60, <04>, [BOOK], {604}  |a SNK  |b SNK  |y VYP  |7 0  |p 17A0218131  |o snkSB 30699  |i snkKSP 10014/81  |0 0  |1 0  |4 0  |d 1999-11-18  |l 0  |r 2004-12-31 00:00:00  |w 2026-02-23